KOHA-Header-6

Practice and law banking in Pakistan (Record no. 2440)

000 -LEADER
fixed length control field 00312nam a2200121Ia 4500
008 - FIXED-LENGTH DATA ELEMENTS--GENERAL INFORMATION
fixed length control field 190802s9999 xx 000 0 und d
020 ## - INTERNATIONAL STANDARD BOOK NUMBER
International Standard Book Number 978-969-407-351-4
100 ## - MAIN ENTRY--PERSONAL NAME
Personal name Dr. Asrar Siddiqui
245 #0 - TITLE STATEMENT
Title Practice and law banking in Pakistan
260 ## - PUBLICATION, DISTRIBUTION, ETC. (IMPRINT)
Place of publication, distribution, etc Karachi
Name of publisher, distributor, etc Royal Book
Date of publication, distribution, etc 2007
300 ## - PHYSICAL DESCRIPTION
Extent 542:p
942 ## - ADDED ENTRY ELEMENTS (KOHA)
Koha item type Books
Holdings
Withdrawn status Lost status Damaged status Not for loan Collection code Permanent Location Current Location Shelving location Date acquired Full call number Barcode Date last seen Price effective from Koha item type
        Law MAJU MAJU Shelf No.A46 2019-08-03 346.54 9063 2019-08-03 2019-08-03 Law

Powered by Koha